00430nam a2200145 a 4500008004100000020002100041100001900062245009700081260003200178300002800210500001900238003000100257005001700258040000900275  z177810017 (hbk.) aRosenbrock H H 0aMathematics of Dynamical systems :bStudies in dynamical systems /H.H. rosenbrock, C. Storey aManchester :bNelson,c1970 ax,355p. :bill. ;c24cm aIncludes index20230123133942.0 cNUST